| 000 | 00572nam a22001937a 4500 | ||
|---|---|---|---|
| 003 | OSt | ||
| 005 | 20140310182328.0 | ||
| 008 | 130921t xxu||||| |||| 00| 0 eng d | ||
| 020 | _a9781850782278 | ||
| 050 |
_aBS 535 _b.G786ac 1995 |
||
| 082 |
_aGS 220.9 _bG798 1995 |
||
| 245 | _a The acts of the apostles. | ||
| 260 |
_aUK : _bOM Publishing, _cc1995. |
||
| 300 |
_a48 p. : _bcol. ill. ; _c 28 cm. |
||
| 440 |
_aThe great bible discovery : _n#23 _pThe acts of the apostles. _921329 |
||
| 650 |
_aBible stories _910553 |
||
| 942 |
_2lcc _cBK-GS _eGS |
||
| 999 |
_c11934 _d11934 |
||